000 00486nam a2200181Ia 4500
005 20250326124032.0
008 250326s9999 xx 000 0 und d
037 _aTextbook
040 _aFMSL
_beng
_cFMSL
041 _aeng
_2eng
084 _aXoaY.44 K6
_qFMSL
100 _aRosen G
245 0 _aDemocracy and economic change in India
_cRosen G
260 _aBombay
_bBombay, Vora
_c1966
300 _a326p
942 _cTB
_hXoaY.44 K6
999 _c1271989
_d1271989